000 01364nam0a22002531 4500
001 rc\3973495
005 20250611042707.0
021 _aRU
_b[55-22031]
035 _a(NLR Aleph) 008057399
090 _a8980809
_c8980809
100 _a20130415d1955 |||y0rusy50 ca
101 0 _arus
102 _aRU
105 _ay z |||||
200 1 _aТезисы докладов
_fТомский науч.-исслед. ин-т вакцин и сывороток Минздрава СССР, Томский мед. ин-т им. В.М. Молотова и Томский обл. отд. здравоохранения. Вторая межобл. науч.-практ. конференция по заболеваниям с природной очаговостью в помощь мед. работникам районов освоения целинных и залежных земель
210 _aТомск
_cБ. и.
_d1955
215 _a74 с.
_d20
606 _aЭпидемиология краеведческая
_yСибирь
_2psbo
710 1 2 _aМежобластная научно-практическая конференция по заболеваниям с природной очаговостью (2; 1955; Томск)
801 0 _aRU
_bNLR
_gpsbo
801 1 _aRU
_bELAR
_2rusmarc
852 _aNLR
_jМд96 Г-4/2343
942 _cBOOK
980 _aNB